banner koha

Flora das cangas da Serra dos Carajás, Pará, Brasil: Costaceae (Registro n. 332015)

MARC details
000 -LÍDER
fixed length control field 01686nab a2200241 i 4500
003 - CÓDIGO MARC DA AGÊNCIA CATALOGADORA
Campo de controle BR-BrBNA
005 - DATA E HORA DA ÚLTIMA ATUALIZAÇÃO
Campo de controle 20250611112235.0
008 - CAMPO DE TAMANHO FIXO
fixed length control field 250611b2018 bl.qr|pooa||| 00| 0 por |
040 ## - FONTE DA CATALOGAÇÃO
Agência catalogadora BR-BrBNA
Idioma da catalogação por
072 ## - CATEGORIA AGRIS
Código AGRIS F70
100 ## - ENTRADA PRINCIPAL - NOME PESSOAL
Nome pessoal André, Thiago
100 ## - ENTRADA PRINCIPAL - NOME PESSOAL
Nome pessoal Sousa, Gerlane R.
245 ## - TÍTULO PRINCIPAL
Título principal Flora das cangas da Serra dos Carajás, Pará, Brasil: Costaceae
500 ## - NOTA GERAL
Nota geral Publicação on-line; 6 ref.; 1 illus.; Summaries (En, Pt)
942 ## - ADDED ENTRY ELEMENTS (KOHA)
Koha item type Analítica
520 ## - NOTA DE RESUMO
Nota de conteúdo <br/><br/>Resumo<br/><br/>Este estudo apresenta descrições morfológicas, imagens e chaves de identificação para as espécies de<br/>Costaceae que ocorrem na vegetação aos arredores das cangas da Serra dos Carajás, estado do Pará,<br/>Brasil. Foram registrado dois gêneros, sendo duas espécies de Chamaecostus e três Costus, totalizando<br/>cinco espécies de Costaceae.<br/><br/>Palavras-chave: Chamaecostus, Costus, FLONA de Carajás, taxonomia.<br/><br/><br/><br/><br/>Abstract<br/><br/>Here we present morphological descriptions, images and identification keys to the species of Costaceae<br/>inhabiting the surrounding vegetation of cangas from the Serra dos Carajás, Pará state, Brazil. Two genera<br/>were recorded, two species of Chamaecostus and three of Costus, adding up to five species.<br/><br/>Key words: Chamaecostus, Costus, FLONA de Carajás, taxonomy
650 ## - ASSUNTO - THESAGRO
Cabeçalho tópico ou nome geográfico CARAJÁS
650 ## - ASSUNTO - THESAGRO
Cabeçalho tópico ou nome geográfico TAXONOMIA
650 ## - ASSUNTO - THESAGRO
Cabeçalho tópico ou nome geográfico FLORA
773 0# - ENTRADA ANALÍTICA
Host Biblionumber 709
Registro do item 350966
Imprenta Rio de Janeiro-RJ Jardim Botanico do Rio de Janeiro 1935
Outro identificador 2025-3590
Título Rodriguésia (Brazil)
ISSN 0370-6583; 2175-7860 on-line
Colação v. 69(3) p. 1093-1097; (2018)
Número de controle de registro BR2025003122
856 ## - ACESSO E ENDEREÇO ELETRÔNICO
Identificador uniforme de recurso - URI https://www.scielo.br/j/rod/a/ZH5gM3dtrkRLZq7KzBgqSMb/?format=pdf&lang=pt

Nenhum exemplar disponível.

BINAGRI

Telefone: (61)3218-2567/2388/3357/2097 - binagri@agro.gov.br

Ministério da Agricultura e Pecuária , Esplanada dos Ministérios, Bloco D, Anexo B, Brasília/DF, CEP: 70.043-900